BIBLIOTECA PODER JUDICIAL
Portal Judicial TDF

El error en los contratos / (Registro nro. 2162)

000 -LEADER
fixed length control field 00725nam a22002297a 4500
003 - CONTROL NUMBER IDENTIFIER
control field OSt
005 - DATE AND TIME OF LATEST TRANSACTION
control field 20181201104120.0
008 - FIXED-LENGTH DATA ELEMENTS--GENERAL INFORMATION
fixed length control field 180220b xxu||||| |||| 00| 0 spa d
020 ## - INTERNATIONAL STANDARD BOOK NUMBER
International Standard Book Number 8485942574
040 ## - CATALOGING SOURCE
Transcribing agency PJ
100 ## - ASIENTO PRINCIPAL - NOMBRE DE PERSONA
9 (RLIN) 3379
Personal name Morales Moreno, Antonio Manuel
245 13 - MENCIÓN DE TÍTULO
Título propiamente dicho El error en los contratos /
Mención de responsabilidad, etc Antonio Manuel Morales Moreno; prólogo de Íñigo de la Maza Gazmuri.
260 ## - PUBLICATION, DISTRIBUTION, ETC. (IMPRINT)
Place of publication, distribution, etc Buenos Aires :
Name of publisher, distributor, etc Astrea,
Date of publication, distribution, etc 2017.
300 ## - DESCRIPCION FISICA
Dimensions 383 p.
Extent 24 cm.
504 ## - NOTA DE BIBLIOGRAFÍA, ETC.
Bibliography, etc Bibliografía: p. 363-368.
650 #0 - ASIENTO SECUNDARIO DE MATERIA - TERMINO TEMATICO
Topical term or geographic name as entry element DERECHO CIVIL
9 (RLIN) 352
650 #0 - ASIENTO SECUNDARIO DE MATERIA - TERMINO TEMATICO
Topical term or geographic name as entry element CONTRATOS CIVILES
9 (RLIN) 1589
651 #0 - SUBJECT ADDED ENTRY--GEOGRAPHIC NAME
9 (RLIN) 455
Geographic name ESPAÑA
653 ## - INDEX TERM--UNCONTROLLED
Uncontrolled term ERROR
700 ## - ADDED ENTRY--PERSONAL NAME
9 (RLIN) 3380
Personal name Maza Gazmuri, Íñigo de la
942 ## - ADDED ENTRY ELEMENTS (KOHA)
Source of classification or shelving scheme
Koha item type Libros
Classification part 347.441.144.4
Item part MOR
Existencias
Withdrawn status Lost status Source of classification or shelving scheme Damaged status Not for loan Permanent Location Current Location Date acquired Total Checkouts Full call number Barcode Date last seen Date checked out Price effective from Koha item type
          Biblioteca Poder Judicial Sur Biblioteca Poder Judicial Sur 2018-12-01 1 347.441.144.4 MOR 6374 2019-05-03 2019-05-03 2018-12-01 Libros

12 de Octubre 789 Ushuaia - Tel:  54(02901)441571
Horario de Atención: 8.00 a 17.00 hs. 
bibliotecaush@justierradelfuego.gov.ar
koha@justierradelfuego.gov.ar
Seguinos en nuestras redes @bibliojustdf 

Con tecnología Koha